000 00604nam a2200265Ia 4500
003 OSt
005 20220912152314.0
006 a|||||r|||| 00| 0
007 ta
008 220909b |||||||| |||| 00| 0 eng d
024 _a52409
037 _cTextual
040 _aCSL
_beng
_cCSL
041 _aeng
082 _aJ1, H3;K2;1
100 _aHarler A W
245 0 _aGardens in the plains
250 _a4
260 _c1962
300 _ap.
_ccm.
650 _a Horticulture
650 _aAgriculture
942 _hJ1, H3;K2;1
_cTEXL
_2CC
999 _c84184
_d84184